000 00495cam a2200205 4500
001 D6352
008 090401t1980 xxu||||| |||| 00| 0 eng d
035 _a(Sirsi) u361
041 _aeng
050 _a658.1552
100 _aKharbanda, O.P.
245 _aProject cost control in action
260 _aFarnborough, Hants
_bGower Press
_c1980
300 _axxii. 273p. 22cm
350 _a15
700 _aStallworthy, E.A.
700 _aWilliams, L.F.
942 _n0
948 _c04/03/1997
999 _c85539
_d85539